| 000 | 00567nam a22001337a 4500 | ||
|---|---|---|---|
| 008 | 230623b xxu||||| |||| 00| 0 eng d | ||
| 020 | _a9789291424481 | ||
| 082 |
_a328.93 _bIPU |
||
| 100 |
_cUnited Nations _d2010 |
||
| 245 |
_aWorld e-parliament Report 2010 _bPrepared by the Global Centre for ICT in Parliament _cA Partnership of the United Nations Department of Economic and Social Affairs and the Inter-parliamentary Union Inspired by the outcome of the World Summit on the Information Society |
||
| 260 |
_bUnited Nations _c2010 |
||
| 300 | _a244p | ||
| 942 |
_2ddc _cBK |
||
| 999 |
_c2410 _d2410 |
||